000 00442nam a22001817a 4500
003 MPLRDC
005 20220104125703.0
008 210129b ||||| |||| 00| 0 eng d
020 _a962-17-1542-3
082 _a857.7 LYS v.10
100 _a蓝雁沙著
245 _a求婚进行曲
_c
260 _a
_b博益出版集团有限公司
_c1996
300 _b
490 _a蓝雁沙作品;10
650 _a
942 _cBK
_o857.7 LYS v.10
999 _c29335
_d29325